000 00304nam a22001337a 4500
008 171222b xxu||||| |||| 00| 0 eng d
020 _a9781456497026
041 _aeng
080 _a82
100 _a21
101 _aGJL
245 _aSHAKESPEARE'S SONNETS
_cSHAKESPEARE,W
942 _2udc
_cBK
999 _c39301
_d39301